DIGITAL archives management, use and access
Uloženo v:
| Médium: | Kniha |
|---|---|
| Jazyk: | angličtina |
| Vydáno: |
Facet Publishers
2018
|
| Tagy: |
Přidat tag
Žádné tagy, Buďte první, kdo vytvoří štítek k tomuto záznamu!
|
MARC
| LEADER | 00000nam a22000007a 4500 | ||
|---|---|---|---|
| 008 | 210707b ||||| |||| 00| 0 eng d | ||
| 020 | |a 9781856049344 | ||
| 245 | |a DIGITAL archives |b management, use and access |c edited by Milena Debreva |e (Facet books for Archivists and Research Managers) |g xxxii, 183p.;ill. | ||
| 250 | |c DEBREVA, Milena | ||
| 260 | |b Facet Publishers |c 2018 |h London |i 696402 |i 696403 |l CD973.D56 |m Archives--Digitization |m Archives--Collection management | ||
| 500 | |a It includes index and references | ||
| 942 | |a lcc |c BK |e Kuteyi M. A. |f 7/7/2021 | ||
| 952 | |0 0 |1 0 |2 lcc |4 0 |6 CD0973 D56 |7 0 |9 2724 |a HOL |b HOL |c AF |d 2021-07-07 |l 0 |o CD973.D56 |p 2021-6569 |r 2021-07-07 00:00:00 |w 2021-07-07 |y BK | ||
| 952 | |0 0 |1 0 |2 lcc |4 0 |6 CD0973 D56 |7 0 |9 2725 |a HOL |b ED |c AF |d 2021-07-07 |l 0 |o CD973.D56 |p 2021-6570 |r 2021-07-07 00:00:00 |w 2021-07-07 |y BK | ||
| 999 | |c 1420 |d 1420 | ||